Online
Catalog

Islam : (Record no. 39213)

MARC details
000 -CABECERA
campo de control de longitud fija 00426nam a2200145 a 4500
001 - NÚMERO DE CONTROL
campo de control 000039723
005 - FECHA Y HORA DE LA ÚLTIMA TRANSACCIÓN
campo de control 20201002033711.0
008 - DATOS DE LONGITUD FIJA--INFORMACIÓN GENERAL
campo de control de longitud fija 130718s2011 xxcac 000 0 spa d
040 ## - FUENTE DE LA CATALOGACIÓN
Centro catalogador/agencia de origen DO-SdBNP
Lengua de catalogación spa
Centro/agencia transcriptor BNPHU
082 ## - NÚMERO DE LA CLASIFICACIÓN DECIMAL DEWEY
Número de clasificación xxx
Número de documento/Ítem xxxx
100 1# - ENTRADA PRINCIPAL--NOMBRE DE PERSONA
Nombre de persona Kapoor, Suhail
9 (RLIN) 65915
245 10 - MENCIÓN DE TÍTULO
Título Islam :
Resto del título balanceando la vida y más allá. /
Mención de responsabilidad, etc. Suhail Kapoor.
260 ## - PUBLICACIÓN, DISTRIBUCIÓN, ETC.
Lugar de publicación, distribución, etc. [Canada] :
Nombre del editor, distribuidor, etc. [s.d.],
Fecha de publicación, distribución, etc. 2011.
300 ## - DESCRIPCIÓN FÍSICA
Extensión 71 p. :
Otras características físicas il., retr. ;
Dimensiones 21 cm.
Holdings
Estado de retiro Estado de pérdida Restricciones de uso No para préstamo Código de colección Localización permanente Ubicación/localización actual Ubicación en estantería Fecha de adquisición Número de inventario Total de préstamos Signatura topográfica completa Código de barras Fecha visto por última vez Precio válido a partir de Tipo de ítem Koha
      Excluido de préstamo Monografías: Libros y Folletos General General En catalogación 18.07.2013 LF1   xxx xxxx 39723-10 25.06.2020 25.06.2020 No se presta

Powered by Koha